Detalhes MARC
| 000 -Etiqueta do registo |
| Cabeçalho |
01517nam a22004091 4500 |
| 005 - Identificador da versão |
| Campo de controlo |
20240813121955.0 |
| 010 ## - Número internacional normalizado dos livros (ISBN) |
| Número (ISBN) |
9722219510 |
|
| Número (ISBN) |
972-22-1952-9 |
|
| Número (ISBN) |
972-22-1953-7 |
| 021 ## - Número do Depósito Legal |
| Código do país |
PT |
| Número |
139719/99 |
|
| Código do país |
PT |
| Número |
141464/99 |
|
| Código do país |
PT |
| Número |
142448/99 |
| 100 ## - Dados gerais de processamento |
| Dados gerais de processamento |
20030617d1999 da y0pory5003 ba |
| 102 ## - Pais de publicação ou produção |
| País de publicação |
Portugal |
| 101 1# - Língua de publicação |
| Língua do texto, banda sonora, etc. |
Português |
| Língua do documento no original |
Inglês |
| 106 ## - Campo de dados codificados: material textual |
| Dados codificados do material textual |
r |
| 105 ## - Campo de dados codificados: livros |
| Dados codificados dos livros |
a f 001yy |
| 215 ## - Descrição física |
| Indicação específica da natureza do documento e extensão da espécie |
v. |
| Outras indicações físicas |
il. |
| Dimensões |
28 cm |
| 200 1# - Titulo e menção de responsabilidade |
| Título próprio |
Enciclopédia da natureza |
| Primeira menção de responsabilidade |
David Burnie... [et al.] |
| Outras menções de responsabilidade |
trad. Sara Coelho, Maria Assunção Coelho |
| 210 ## - Publicação, Distribuição, etc. |
| Lugar da edição, distribuição, etc. |
Lisboa |
| Nome do editor, distribuidor, etc. |
Verbo |
| Data da publicação, distribuição, etc. |
D.L. 1999 |
| 327 0# - Nota de conteúdo |
| Texto da nota |
1º v. : O mundo natural, como funcionam o seres vivos, ecologia. - 107 p. |
| -- |
2º v. : Classificação dos seres vivos, plantas, invertebrados, peixes, anfíbios, répteis. - 105 p. |
| -- |
3º v. : Aves, mamíferos, referências. - 102 p. |
| 304 ## - Notas relativas a título e menção de responsabilidade |
| Texto da nota |
Tít. orig.: Nature encyclopedia |
| 517 1# - Outras variantes do título |
| Variant Title |
<O >mundo natural, como funcionam o seres vivos, ecologia |
|
| Variant Title |
Classificação dos seres vivos, plantas, invertebrados, peixes, anfíbios, répteis |
|
| Variant Title |
Aves, mamíferos, referências |
| 606 ## - Nome comum usado como assunto |
| Número de registo de entrada de autoridade |
0001919 |
| Palavra de ordem |
Ciências exactas |
| Subdivisão de assunto |
Natureza |
|
| Número de registo de entrada de autoridade |
0002435 |
| Palavra de ordem |
Enciclopédias |
| 675 ## - Classificação Decimal Universal (CDU) |
| Notação |
502.2 |
| Edição |
2ª |
| Língua da edição |
por |
|
| Notação |
03 |
| Edição |
2ª |
| Língua da edição |
por |
| 702 #1 - Nome de autor-pessoa física (responsabilidade secundária) |
| Número de registo de entrada de autoridade |
0002443 |
| Palavra de ordem |
Coelho |
| Outra parte do nome não tomada para palavra de ordem |
Sara |
| Código de função |
Tradutor |
|
| Número de registo de entrada de autoridade |
0002444 |
| Palavra de ordem |
Rebelo |
| Outra parte do nome não tomada para palavra de ordem |
Maria Assunção |
| Código de função |
Tradutor |
| 701 #1 - Nome de autor-pessoa física (co-responsabilidade principal) |
| Palavra de ordem |
Burnie |
| Outra parte do nome não tomada para palavra de ordem |
David |
| Código de função |
Autor / Co-autor |
| 942 ## - Elementos de entrada adicionados (Koha) |
| Tipo de item no Koha |
Livro |